000 00597nam a2200229Ia 4500
003 OSt
005 20220918184128.0
006 a|||||r|||| 00| 0
007 ta
008 220917b |||||||| |||| 00| 0 eng d
024 _a44,670
037 _cTextual
040 _aARTS
_cARTS
_beng
041 _2eng
_aeng
082 _aO15,1F00:g, L3-;1
100 _aChatterji S K
_964632
245 0 _aJayadeva
260 _aNew Delhi
_bSahitya Akademi
_c1973
650 _aENGLISH LITERATURE
942 _hO15,1F00:g, L3-;1
_cTEXL
_2CC
999 _c175235
_d175235